Iconic Lyrics - 2010's Songs - Statistics

General Stats
  • This quiz has been taken 314 times
  • The average score is 12 of 20
Answer Stats
Lyrics Answer % Correct
"Hey, I just met you, and this is crazy, but here's my number, so ____ __ _____." Call Me Maybe
94%
"Is it too late now to say ____?" Sorry
91%
"Yeah, I'm gonna take my horse to the ___ ____ ____." Old Town Road
87%
"But I've got a ______ _____, babyAnd I'll write your name" Blank Space
84%
"So baby, pull me _____ in the backseat of your Rover." Closer
82%
"We could have had it all, _____ __ ___ ____." Rolling in the Deep
81%
"I'm in love with the _____ __ ___We push and pull like a magnet do" Shape of You
81%
""I love it when you call me ______." Señorita
65%
"_______, quiero respirar tu cuello _______." Despacito
63%
""I'm beautiful in my way 'cause God makes no mistakes, I'm on the right track, baby, I was _____ ____ ___." Born This Way
57%
"Blow a kiss, fire a gun, we need someone to ____ __." Lean On
56%
"___ ____ is all it takes, falling in love with me." One Kiss
56%
"Oh, won’t you ____ ___ __? 'Cause you're all I need." Stay With Me
55%
"_ ____ _ ____ __ _____ to show Avicii I was cool." I Took a Pill in Ibiza
52%
"And if you're under him, you ain't gettin' over himI got ___ _____, I count 'em" New Rules
51%
""I _____ ___ __ ___ when I'm with you, but I love it." Can't Feel My Face
45%
"_____ ___ ____I'm so grateful for my ex" thank u, next
34%
"'Cause you make me feel like I’ve been ______ ____ __ ______." Locked Out of Heaven
33%
"____ ____ __ _ _____, just a little bit's enough." Just Give Me a Reason
28%
"I-I-I-I-I-I keep on hopin' we'll eat ____ __ ___ _____" Cake By the Ocean
25%
No matching quizzes found
Score Distribution
Percent of People with Each Score
Percentile by Number Answered
Your Score History
You have not taken this quiz